000 01300 a2200229 4500
005 20080918171019.0
008 080918t xxu||||| |||| 00| 0 hin d
010 _aHIN-81123
020 _c100.00
_a8188090417
035 _aHN-53469
037 _bD.B.Act / pub
082 _a158.1
100 _aशर्मा, पवित्र कुमार
245 _aचिन्ता रहित जीवन
_cपवित्र कमार शर्मा
246 _aChinta rahit Jivan
_bby Pavitra Kumar Sharma
260 _aदिल्ली
_bस्वास्तिक प्रकाशन
_c2006
270 _a1376, आत्मा राम बिल्डिंग कश्मीरी गेट,
_bदिल्ली
_e110006
300 _a96पृ
_c22सेमी (सजिल्द)
942 _adpl
_cHN
_k158.1 / शर्माप
_2ddc
_h158.1
_mशर्माप
999 _c7842
_d7842